Statystyki dla JAKA FIRMA MA ZWIERZĘ W SWOIM LOGOTYPIE?

Kliknij tutaj aby rozwiązać quiz!

Ogólne statystyki

  • Ten quiz został rozwiązany 181 razy
  • Średni wynik to 2 z 6

Statystyki odpowiedzi

Odpowiedź% Poprawnych
JAGUAR
52%
PUMA
51%
FERRARI
49%
LACOSTE
30%
BIEDRONKA
29%
ŻABKA
24%

Rozkład punktacji

Percentyl według liczby udzielonych odpowiedzi

Procent ludzi z każdym wynikiem

Twoja historia wyników

Nie rozwiązałeś tego quizu